LIBRARY ONLINE CATALOGUE

Vitendawili kwa mashairi. (Record no. 14236)

MARC details
000 -LEADER
fixed length control field 00470nam a22001812 4500
001 - CONTROL NUMBER
control field 0000005668
005 - DATE AND TIME OF LATEST TRANSACTION
control field 20151217160111.0
008 - FIXED-LENGTH DATA ELEMENTS--GENERAL INFORMATION
fixed length control field 070620s xx 000 0 eng d
040 ## - CATALOGING SOURCE
Original cataloging agency KABU
Transcribing agency KABU
050 #0 - LIBRARY OF CONGRESS CALL NUMBER
Classification number PZ90
Item number .S94R3V58
100 1# - MAIN ENTRY--PERSONAL NAME
Personal name Rashid, Ali M.
-- 0000156882
245 10 - TITLE STATEMENT
Title Vitendawili kwa mashairi.
260 ## - PUBLICATION, DISTRIBUTION, ETC. (IMPRINT)
Place of publication, distribution, etc. Nairobi :
Name of publisher, distributor, etc. OUP,
Date of publication, distribution, etc. 2003.
300 ## - PHYSICAL DESCRIPTION
Extent 30 p.
908 ## - PUT COMMAND PARAMETER (RLIN)
Put command parameter 070620
950 ## - LOCAL HOLDINGS (RLIN)
-- 1
Holdings
Withdrawn status Lost status Source of classification or shelving scheme Not for loan Home library Current library Date acquired Total Checkouts Total Renewals Full call number Barcode Date last seen Date last checked out Price effective from Koha item type
    Library of Congress Classification   Kabarak, Main Campus Kabarak, Main Campus 17/12/2015 1 1 PZ90 .S94R3V58 19730 08/02/2017 28/10/2016 17/12/2015 Children Collection